Statistics for New Zealand ACT Party Leaders - Picture Quiz

Click here to take the quiz!

General Stats

  • This quiz has been taken 8 times
  • The average score is 5 of 7

Answer Stats

Answer% Correct
David Seymour
86%
Don Brash
86%
John Banks
86%
Richard Prebble
57%
Rodney Hide
57%
Roger Douglas
57%
Jamie Whyte
43%

Score Distribution

Percentile by Number Answered

Percent of People with Each Score

Your Score History

You have not taken this quiz